| 000 | 00464nam a22001817a 4500 | ||
|---|---|---|---|
| 003 | MPLRDC | ||
| 005 | 20220104143543.0 | ||
| 008 | 210129b ||||| |||| 00| 0 eng d | ||
| 020 | _a957-700-389-3 | ||
| 082 | _a805.188 QXR | ||
| 100 | _a秦向如编 | ||
| 245 |
_a英语自我介绍的第一本书: 快乐宝典 _c |
||
| 250 | _a初版 | ||
| 260 |
_a _b台湾实业文化 _c1997 |
||
| 300 | _b平 | ||
| 650 | _a英语会话读本 | ||
| 942 |
_cBK _o805.188 QXR |
||
| 999 |
_c41049 _d41039 |
||